=LDR 00000nam 2200000 4500 =001 INLIS000000000051006 =005 20170808015946 =035 ##$$a 0010-0817000189 =007 ta =008 170808###########################0###### =020 ##$$a 978-602-8661-63-8 =082 ##$$a 613 =084 ##$$a 613 DHI a =100 #$$a Dhiana Ayudiya =245 1#$$a Anda, Dokter Keluarga Anda /$c Dhiana Ayuditya =250 ##$$a cet.1 =260 ##$$a Jakarta :$b Primbon Swadaya,$c 2012 =300 ##$$a iv, 156 hlm : $b ilus. ; $c 26 cm =650 ##$$a Kesehatan - Kedokteran =990 ##$$a 91349134 =990 ##$$a 31701658